000 00260nam a2200109Ia 4500
008 190914s9999||||xx |||||||||||||| ||und||
100 _aMuhammad Iqbal
245 0 _aLearn Mentoring
260 _aNew york
_bTata McGraw Hill
_c2003
300 _a2005
942 _cBK
999 _c9655
_d9655